Evaluation and the Elementary Curriculum / (Record no. 7012)
[ view plain ]
| 000 -LEADER | |
|---|---|
| fixed length control field | 00622nam a2200229 a 4500 |
| 001 - CONTROL NUMBER | |
| JCCL Control Number | 7012 |
| 003 - CONTROL NUMBER IDENTIFIER | |
| JCCL marc code | BD-JhCC |
| 005 - DATE AND TIME OF LATEST TRANSACTION | |
| control field | 20230829120511.0 |
| 008 - FIXED-LENGTH DATA ELEMENTS--GENERAL INFORMATION | |
| fixed length control field | 180204s1951 u |||| || | 000 0 eng d |
| 035 ## - SYSTEM CONTROL NUMBER | |
| system control number | (BD-JhCC)7012 |
| 040 ## - CATALOGING SOURCE | |
| Original cataloging agency | BD-JhCC |
| Modifying agency | BD-JhCC |
| 041 ## - LANGUAGE CODE | |
| Language code of Book | eng |
| 082 ## - DEWEY DECIMAL CLASSIFICATION NUMBER | |
| Classification number | 372 |
| Author mark and Year | SHA 1951 |
| 100 ## - MAIN ENTRY--PERSONAL NAME | |
| Personal name | Shane, Harold G. |
| 245 ## - TITLE STATEMENT | |
| Title | Evaluation and the Elementary Curriculum / |
| Statement of responsibility, etc | Harold G. Shane and E. T. Mcswain |
| 260 ## - PUBLICATION, DISTRIBUTION, ETC. (IMPRINT) | |
| Place of publication, distribution, etc | New York : |
| Name of publisher, distributor, etc | Henry Holt and Company, |
| Date of publication, distribution, etc | 1951 |
| 300 ## - PHYSICAL DESCRIPTION | |
| Pagination | 477 p. : |
| Dimensions | 20 cm. |
| 650 ## - SUBJECT ADDED ENTRY--TOPICAL TERM | |
| Topical term or geographic name as entry element | Education |
| General subdivision | Elementary |
| 700 ## - ADDED ENTRY--PERSONAL NAME | |
| Personal name | Mcswain, E. T. |
| 942 ## - ADDED ENTRY ELEMENTS (KOHA) | |
| Source of classification or shelving scheme | Dewey Decimal Classification |
| Koha item type | Books |
| Source of classification or shelving scheme | Damaged status | Not for loan | Home library | Current library | Shelving location | Date of accession | Total Checkouts | Full call number | Barcode | Date last seen | Copy number | Koha item type |
|---|---|---|---|---|---|---|---|---|---|---|---|---|
| Dewey Decimal Classification | JCC Rouf Library | JCC Rouf Library | General Stacks | 02/04/2018 | 372 SHA 1951 | 992 | 02/04/2018 | C - 1 | Books |